000
00229nam a2200085Ia 4500
245
0
_a
Native American bead weaving
100
_a
GARNER, Lynne Lewes, 2003
_9
79996
942
_c
BK
008
210817s9999 xx 000 0 und d
999
_c
279793
_d
279792